书目信息 |
| 题名: |
三国志译注
|
|
| 作者: | ;杨明 译注 | |
| 分册: | ||
| 出版信息: | 上海 上海三联书店 2018 |
|
| 页数: | 418页 | |
| 开本: | 21cm | |
| 丛书名: | 国学经典 | |
| 单 册: | ||
| 中图分类: | K236.042 | |
| 科图分类: | ||
| 主题词: | 三国时代--San Guo Shi Dai--历史--纪传体 | |
| 电子资源: | ||
| ISBN: | 978-7-5426-6303-0 | |
| 000 | 01054nam 2200301 450 | |
| 001 | 012001006684 | |
| 005 | 20191023145141.62 | |
| 010 | @a978-7-5426-6303-0@dCNY34.80 | |
| 099 | @aCAL 012018134733 | |
| 100 | @a20181018d2018 ekmy0chiy50 ea | |
| 101 | 0 | @achi |
| 102 | @aCN@b310000 | |
| 105 | @ay z 000gy | |
| 106 | @ar | |
| 200 | 1 | @a三国志译注@Asan guo zhi yi zhu@f杨明译注 |
| 205 | @a第2版 | |
| 210 | @a上海@c上海三联书店@d2018 | |
| 215 | @a418页@d21cm | |
| 225 | 2 | @a国学经典@Aguo xue jing dian |
| 330 | @a《三国志》是西晋陈寿编写的一部主要记载魏、蜀、吴三国鼎立时期的纪传体国别史,为“二十四史”之一,与《史记》《汉书》《后汉书》并称“前四史”。《三国志》取材精审,文辞简约;除史学价值外,该书还极具文学价值,可读性极高 | |
| 333 | @a历史爱好者 | |
| 410 | 0 | @12001 @a国学经典 |
| 604 | @1701 0@a陈寿,@f233-297@150010@a三国志@x注释 | |
| 606 | 0 | @a三国时代@ASan Guo Shi Dai@x历史@j纪传体 |
| 690 | @aK236.042@v5 | |
| 702 | 0 | @a杨明@Ayang ming@4译注 |
| 801 | 0 | @aCN@b上海新华@c20191020 |
| 905 | @b1132072-5@dK236.042@e112=2@f4 | |
| 三国志译注/杨明译注.-第2版.-上海:上海三联书店,2018 |
| 418页;21cm.-(国学经典) |
| 使用对象:历史爱好者 |
| ISBN 978-7-5426-6303-0:CNY34.80 |
| 《三国志》是西晋陈寿编写的一部主要记载魏、蜀、吴三国鼎立时期的纪传体国别史,为“二十四史”之一,与《史记》《汉书》《后汉书》并称“前四史”。《三国志》取材精审,文辞简约;除史学价值外,该书还极具文学价值,可读性极高 |
| ● |
| 相关链接 |
|
|
|
|
正题名:三国志译注
索取号:K236.042/112=2
 
预约/预借
| 序号 | 登录号 | 条形码 | 馆藏地/架位号 | 状态 | 备注 |
| 1 | 1132072 | 211320729 | 第二样本阅览室/ [索取号:K236.042/112=2] | 在馆 | |
| 2 | 1132073 | 211320738 | 第二借阅区/ [索取号:K236.042/112=2] | 在馆 | |
| 3 | 1132074 | 211320747 | 第二借阅区/ [索取号:K236.042/112=2] | 在馆 | |
| 4 | 1132075 | 211320756 | 第二借阅区/ [索取号:K236.042/112=2] | 在馆 |